000 00524nam a22001817a 4500
005 20230816161748.0
008 230509b |||||||| |||| 00| 0 eng d
020 _a9788173717567
041 _aeng
082 _a615 PAR-A
100 _aPARTHASARATHI ,G .,NYFORT-HANSEN AND NAHATA , MILAP. C
_97934
245 _aA TEXT BOOK OF CLINICAL PHARMACY ESSENTIAL CONCEPTS AND SKILLS
250 _a 2nd ed.
260 2 _bUNIVERSITIES PRESS
_c2022
300 _a580;P.
650 _aPHARMACY
_xB. PHARMA
_97935
942 _cBK
999 _c8300
_d8298